000 00349nam a2200157Ia 4500
008 230605s2005 xx 000 0 und d
041 _aeng
100 _aFlanagam
245 _aThe Management bible
260 _bNew Holland Pub
_c2005
300 _a623
365 _b1271
_h15
500 _a1796
520 _aReference Copy
650 _aM.M.
999 _c418649
_d418649